000 01519cam a22004457a 4500
003 CHAP
005 20220817043453.0
008 980910s1996 it r 00010 fre d
010 _a76144
011 _a77116
020 _a9252038507
035 _a86718
040 _cCHAP
082 0 4 _a641.30218
_bF26f 1995 v.7
110 2 _aFAO. Comisión del Codex Alimentarius
_939482
245 1 0 _aCodex alimentarius :
_bcéréales,légumes secs, légumineuses, produits dérivés et protéines végétales
_c/par Commission du Codex Alimentarius
250 _a2 ed. rev.
260 _aRome :
_bFAO,
_c1996.
300 _a164 p.
410 2 _aFAO
490 0 _aPrograma conjunto FAO/OMS sobre normas alimentarias
_v; 7
590 _aBATCH-UPD
_b10
_c20130110
_lUCH01
_h1357
590 _aBATCH-UPD
_b10
_c20130410
_lUCH01
_h0850
590 _aBATCH-UPD
_b10
_c20130913
_lUCH01
_h2013
590 _aCONVERSION
_b10
_c20130109
_lUCH01
_h1342
650 1 4 _aAditivos alimenticios.
_9907
650 1 4 _aCereales
_xAnálisis.
_921382
650 1 4 _aHarina de maíz.
_952713
650 1 4 _aHarina de sorgo.
_952728
650 1 4 _aHarina.
_952679
650 1 4 _aLeguminosas
_xNormas de calidad.
_965842
650 1 4 _aProteínas vegetales.
_992460
710 0 _aFAO.
810 0 _aFAO
830 0 _aPrograma conjunto FAO/OMS sobre normas alimentarias
_v; 7
_992254
901 _aBK
905 _aLilia Sánchez G.
942 _cLIBRO
949 _a641.30218 F26f 1995 v.7
_bBC
_cFAO
_d33724000700308
_eFAO1
_gDonaciØn
_h94127
_i86718
_st
999 _c76144
_d76144